| 000 | 00826nam a22001697a 4500 | ||
|---|---|---|---|
| 003 | SGT | ||
| 020 | _a9781259006463 | ||
| 082 | _a621.38153 | ||
| 100 | _aBHARGAVA,N.N | ||
| 245 | _aBASIC ELECTRONICS AND LINEAR CIRCUITS | ||
| 250 | _a2ND | ||
| 260 |
_aNEW DELHI _bTMH _c2015 |
||
| 300 | _a482 | ||
| 650 | _aELECTRONICS | ||
| 653 | _aUNIT 1 INTRODUCTION TO ELECTRONICS UNIT 2 CURRENT AND VOLTAGE SOURCES UNIT 3 SEMICONDUCTOR PHYSICS UNIT 4 SEMICONDUCTOR DIODE UNIT 5 BIPOLAR JUNCTION TRANSISTORS (BJTS) UNIT 6 FIELD EFFECT TRANSISTORS (FETS) UNIT 7 TRANSISTOR BIASING AND STABILISATION OF OPERATING POINT UNIT 8 SMALL-SIGNAL AMPLIFIERS UNIT 9 MULTI-STAGE AMPLIFIERS UNIT 10 POWER AMPLIFIERS UNIT 11 TUNED VOLTAGE AMPLIFIERS UNIT 12 FEEDBACK IN AMPLIFIERS UNIT 13 OSCILLATORS UNIT 14 ELECTRONIC INSTRUMENTS | ||
| 942 |
_2ddc _cFPS |
||
| 999 |
_c9404 _d9404 |
||